| 000 | 00847cam a2200241 4500 | ||
|---|---|---|---|
| 001 | J63242 | ||
| 008 | 000000n2000 000 0 eng u | ||
| 035 | _a(Sirsi) u110288 | ||
| 050 | _a338.4369094 | ||
| 110 |
_aEuroconstruct _92964 |
||
| 245 | _a50th Euroconstruct conference : the outlook for the European construction sector: 2001-2003 - summary | ||
| 260 |
_aLondon _bConstruction Forecasting and Research Limited _c2000 |
||
| 300 | _a187p. ; 30cm. | ||
| 350 | _a775.00 | ||
| 520 | _aThe medium-term impact of ongoing demographics and sociological changes in Europe on the construction industry. Wednesday 6th and Thursday 7th December 2000 Paris | ||
| 650 | _aEUROPE | ||
| 650 | _aSTATISTICS | ||
| 650 | _aECONOMIC ISSUES | ||
| 650 | _aHOUSING | ||
| 690 | _aBUILT ENVIRONMENT | ||
| 856 | _uwww.euroconstruct.com | ||
| 942 | _n0 | ||
| 999 |
_c101088 _d101088 |
||